LIBRARY & INFORMATION CENTRE, KCAET, TAVANUR

ONLINE PUBLIC ACCESS CATALOGUE (OPAC)

Soil chemistry: physio chemical models / (Record no. 2691)

MARC details
000 -LEADER
fixed length control field 00460cam a2200169ua 4500
020 ## - INTERNATIONAL STANDARD BOOK NUMBER
ISBN 0 444 42060 6
041 ## - LANGUAGE CODE
Language code of text/sound track or separate title eng
082 ## - DEWEY DECIMAL CLASSIFICATION NUMBER
Classification number 631.41
Item number BOT/SO
100 ## - MAIN ENTRY--AUTHOR NAME
Personal name Bolt, G H .
245 ## - TITLE STATEMENT
Title Soil chemistry: physio chemical models /
260 ## - PUBLICATION, DISTRIBUTION, ETC. (IMPRINT)
Place of publication New York :
Name of publisher Elsevier Scientific Publishing Company ,
Year of publication 1983.
300 ## - PHYSICAL DESCRIPTION
Number of Pages 527 ; .
942 ## - ADDED ENTRY ELEMENTS (KOHA)
Koha item type Books
Holdings
Withdrawn status Lost status Damaged status Home library Current library Date acquired Full call number Accession Number Koha item type
      KAUAET KAUAET 27/03/1987 631.41 16296 Books
free website counter